000 00971nac a22003257a 4500
001 BR0705604
003 BR-BrBNA
005 20240105123509.0
008 230509b bl.|||m| |||| 00| 0 por d
040 _aBR-BrBNA
_bpor
_cBiblioteca Nacional de Agricultura
072 _aH10
090 _a2322 BR0705604
100 1 _aCavalcante, M. de J.B.
100 1 _aSharma, R.D.
110 1 _aEMBRAPA Acre, Rio Branco (Brasil)
245 1 _aOcorrência de nematoides na rizosfera de pimenta longa (Piper hispidinervum)
260 3 _aRio Branco, AC (Brasil):
_c2001.
300 _a2 p.
490 _aComunicado Técnico - EMBRAPA Acre (Brazil)
_vno. 138
_xISSN 0100-8668
650 _aPIMENTA LONGA
650 _aNEMATOIDE
650 _aRIZOSFERA
650 _aFUNGO
650 _aBACTÉRIA
650 _aPATÓGENO
650 _aMURCHA BACTERIANA
650 _aPARASITO DE PLANTA
909 _a202312
_bLúcia Elande
_c55
_dLúcia Elande
942 _2AGRIS
_n0
_cMS
999 _c295731
_d295731